The Hearsts Father and Son / (Record no. 616975)

000 -LEADER
fixed length control field 00429nam a22001457a 4500
020 ## - INTERNATIONAL STANDARD BOOK NUMBER
Qualifying information HB.
040 ## - CATALOGING SOURCE
Transcribing agency Fizza Ishaq
082 ## - DEWEY DECIMAL CLASSIFICATION NUMBER
Classification number 070.509
Author Mark WIL
100 ## - MAIN ENTRY--PERSONAL NAME
Personal name Randolph, William Hearst Jr.
9 (RLIN) 134047
245 ## - TITLE STATEMENT
Title The Hearsts Father and Son /
Statement of responsibility, etc. Jr. Hearst, William Randolph.
250 ## - EDITION STATEMENT
Edition statement 1st Ed.
260 ## - PUBLICATION, DISTRIBUTION, ETC.
Place of publication, distribution, etc. New York :
Name of publisher, distributor, etc. Roberts Rinehart Publishers,
Date of publication, distribution, etc. 1991.
300 ## - PHYSICAL DESCRIPTION
Extent 372 p, ;
Dimensions 7.25 x 1.75 x 9.75 inches
942 ## - ADDED ENTRY ELEMENTS (KOHA)
Source of classification or shelving scheme
Koha item type Book
Holdings
Withdrawn status Lost status Source of classification or shelving scheme Damaged status Not for loan Permanent Location Current Location Date acquired Total Checkouts Full call number Barcode Date last seen Price effective from Koha item type
          NUST Baluchistan Campus (NBC) NUST Baluchistan Campus (NBC) 04/13/2026   070.509 WIL QD-632 04/13/2026 04/13/2026 Book
© 2023 Central Library, National University of Sciences and Technology. All Rights Reserved.